[Event "Game 1301 - Rated game, 5m + 5s"]
[Site "Main Playing Hall"]
[Date "2003.04.13"]
[Round "?"]
[White "kmreese"]
[Black "RVaderC"]
[Result "0-1"]
[WhiteElo "1347"]
[BlackElo "1283"]
[PlyCount "70"]
[EventDate "2003.??.??"]

1. e4 e5 2. Nf3 Nc6 3. Bc4 h6 4. d3 Nf6
5. O-O Bc5 6. Nc3 a6 7. Nh4 d6 8. Kh1 Nd4
9. f4 Bg4 10. Qd2 b5 11. fxe5 dxe5 12. Bxf7+ Kxf7
13. Nd5 c6 14. Nxf6 gxf6 15. h3 Bh5 16. g4 Bg6
17. Nxg6 Kxg6 18. c3 Ne6 19. d4 exd4 20. e5 Qd5+
21. Kh2 Qxe5+ 22. Kh1 Qd5+ 23. Kh2 Bd6+ 24. Rf4 Bxf4+
25. Qxf4 Nxf4 26. Bxf4 dxc3 27. Rg1 cxb2 28. g5 fxg5
29. h4 Qxa2 30. hxg5 b1=Q+ 31. Kh3 hxg5+ 32. Kg3 Qxg1+
33. Kf3 Qa3+ 34. Ke4 Rae8+ 35. Be5 Rh4# 0-1

[Event "Game 1303 - Rated game, 1m + 0s"]
[Site "Main Playing Hall"]
[Date "2003.04.14"]
[Round "?"]
[White "kmreese"]
[Black "Yanis"]
[Result "0-1"]
[WhiteElo "1266"]
[BlackElo "1311"]
[Annotator "White - Time"]
[PlyCount "48"]
[EventDate "2003.??.??"]

1. e4 e5 2. Nf3 d6 3. Bc4 Qe7 4. O-O Be6
5. d3 Bxc4 6. dxc4 Nd7 7. Bg5 f6 8. Bh4 g5
9. Bg3 h5 10. Nc3 h4 11. Bxe5 dxe5 12. Nb5 Qc5
13. a4 c6 14. Nc3 O-O-O 15. b4 Qxb4 16. Rb1 Qxc3
17. Rb3 Qxc4 18. Nd2 Qxa4 19. Nc4 Qxc4 20. Re3 Nc5
21. Qd7+ Rxd7 22. Ree1 Kc7 23. h3 Rd6 24. Kh2 Be7 {White - Time} 0-1

[Event "Game 1304 - Rated game, 1m + 0s"]
[Site "Main Playing Hall"]
[Date "2003.04.14"]
[Round "?"]
[White "Yanis"]
[Black "kmreese"]
[Result "1-0"]
[WhiteElo "1327"]
[BlackElo "1251"]
[Annotator "Black - Time"]
[PlyCount "61"]
[EventDate "2003.??.??"]

1. e4 c5 2. Nf3 d6 3. d4 Nc6 4. dxc5 Bg4
5. cxd6 Qxd6 6. Qxd6 exd6 7. Ng5 O-O-O 8. f3 Be6
9. Bb5 Nf6 10. Bxc6 bxc6 11. Be3 Nh5 12. O-O d5
13. exd5 cxd5 14. Bxa7 d4 15. c3 dxc3 16. Nxc3 Nf4
17. Rfc1 Bf5 18. Nxf7 Kb7 19. Nxd8+ Kxa7 20. Nf7 Nh3+
21. gxh3 Bc5+ 22. Kg2 Re8 23. Re1 Rxe1 24. Rxe1 Bc2
25. Re5 Kb6 26. Rxc5 Kxc5 27. Ne4+ Bxe4 28. fxe4 Kd4
29. e5 Kd5 30. e6 Kxe6 31. Ng5+ { Black - Time} 1-0

[Event "Game 1305 - Rated game, 10m + 1s"]
[Site "Main Playing Hall"]
[Date "2003.04.14"]
[Round "?"]
[White "kmreese"]
[Black "Stiegnatz"]
[Result "0-1"]
[WhiteElo "1325"]
[BlackElo "1291"]
[PlyCount "62"]
[EventDate "2003.??.??"]

1. e4 e5 2. Nf3 Nc6 3. Bc4 Nf6 4. d3 d5
5. exd5 Nxd5 6. Ng5 Nf6 7. Bxf7+ Kd7 8. Nc3 Bb4
9. Bd2 Bxc3 10. Bxc3 Rf8 11. Bc4 Ng4 12. Qxg4+ Ke8
13. Qh5+ g6 14. Qh6 Rf5 15. Qxh7 Qxg5 16. Qg8+ Rf8
17. Bf7+ Ke7 18. h4 Qxg2 19. Qxg6 Qxh1+ 20. Kd2 Qxa1
21. h5 Rxf7 22. h6 Qh1 23. Qg5+ Rf6 24. Bxe5 Nxe5
25. Qxe5+ Re6 26. Qg7+ Kd6 27. h7 Bd7 28. Qd4+ Ke7
29. Qc5+ Rd6 30. Qxc7 Re6 31. Qxb7 Qe1# 0-1

[Event "Game 1306 - Rated game, 10m + 0s"]
[Site "Main Playing Hall"]
[Date "2003.04.15"]
[Round "?"]
[White "fercsus"]
[Black "kmreese"]
[Result "0-1"]
[WhiteElo "1499"]
[BlackElo "1306"]
[Annotator "White - Time"]
[PlyCount "104"]
[EventDate "2003.??.??"]

1. e4 c5 2. Nf3 d6 3. d4 Nf6 4. dxc5 d5
5. exd5 Nxd5 6. c4 Nb4 7. Qxd8+ Kxd8 8. Nd4 e5
9. a3 Bxc5 10. axb4 Bxd4 11. Nd2 Nc6 12. b5 Nb4
13. Ra4 Nc2+ 14. Kd1 Bf5 15. Nf3 Bxf2 16. Nxe5 Kc7
17. Bd3 Rad8 18. Kxc2 Bxd3+ 19. Nxd3 Rhe8 20. Bf4+ Kc8
21. Nxf2 Re2+ 22. Kb3 Rxf2 23. g3 Rd3+ 24. Ka2 f6
25. Ra3 Rd4 26. Rxa7 Rxc4 27. Ra8+ Kd7 28. Rd1+ Ke7
29. Re1+ Kf7 30. Rd8 Rcc2 31. Rd7+ Kg6 32. Ree7 Rxb2+
33. Ka3 Rxb5 34. Rxg7+ Kf5 35. Rxh7 Ra5+ 36. Kb3 Rf3+
37. Kb4 b6 38. Rh5+ Kg4 39. Rxa5 bxa5+ 40. Kxa5 Ra3+
41. Kb4 Ra1 42. Rg7+ Kf3 43. h4 Rb1+ 44. Kc3 Rg1
45. h5 Rh1 46. h6 Ke4 47. Rf7 Kf5 48. Kd4 Kg6
49. Rg7+ Kf5 50. g4+ Kxf4 51. h7 Rd1+ 52. Kc5 Rd8 {White - Time} 0-1

[Event "Game 1307 - Rated game, 10m + 0s"]
[Site "Main Playing Hall"]
[Date "2003.04.15"]
[Round "?"]
[White "kmreese"]
[Black "fercsus"]
[Result "0-1"]
[WhiteElo "1333"]
[BlackElo "1472"]
[Annotator "White - Time"]
[PlyCount "68"]
[EventDate "2003.??.??"]

1. e4 c5 2. Nf3 Nc6 3. Bc4 e6 4. c3 a6
5. O-O b5 6. Be2 c4 7. d4 d5 8. e5 f6
9. exf6 Nxf6 10. Bg5 Be7 11. Qd2 O-O 12. h4 Nd7
13. b3 h6 14. Bxh6 Bxh4 15. Nxh4 Qxh4 16. Bg5 Qh7
17. f4 Nf6 18. bxc4 Ne4 19. Qe3 Nxg5 20. fxg5 Rxf1+
21. Kxf1 Qh1+ 22. Kf2 bxc4 23. Bf1 Bd7 24. Nd2 Rf8+
25. Ke2 Qh5+ 26. Nf3 Ne7 27. g6 Nf5 28. Qf2 Nd6
29. a4 Qxg6 30. Qh4 Qc2+ 31. Ke1 Qxc3+ 32. Nd2 Qxa1+
33. Ke2 Qb2 34. Qe7 Ne4 {White - Time} 0-1

[Event "Game 1308 - Rated game, 10m + 5s"]
[Site "Main Playing Hall"]
[Date "2003.04.15"]
[Round "?"]
[White "caraballo"]
[Black "kmreese"]
[Result "0-1"]
[WhiteElo "1155"]
[BlackElo "1322"]
[Annotator "White - Resign"]
[PlyCount "68"]
[EventDate "2003.??.??"]

1. d4 d5 2. c4 dxc4 3. Nc3 Bf5 4. e4 Bg6
5. Nf3 e6 6. Bxc4 c6 7. d5 cxd5 8. exd5 exd5
9. Bxd5 Qa5 10. Bxb7 Bb4 11. Bxa8 Ne7 12. O-O O-O
13. Be4 Rd8 14. Qa4 Qxa4 15. Nxa4 Bxe4 16. Be3 Nbc6
17. Ng5 Nf5 18. Nxe4 Re8 19. Rad1 Rxe4 20. Bxa7 h6
21. Nb6 Nxa7 22. Nd7 Ba5 23. Nc5 Re2 24. b4 Bxb4
25. Rd8+ Kh7 26. Nd3 Ba5 27. Rd7 Nc6 28. Rxf7 Nfd4
29. Nf4 Rxa2 30. Nh5 Ne2+ 31. Kh1 Bc3 32. Rc7 Ne5
33. Rxg7+ Kh8 34. Re1 Bxe1 {White - Resign} 0-1

[Event "Game 1309 - Rated game, 10m + 5s"]
[Site "Main Playing Hall"]
[Date "2003.04.15"]
[Round "?"]
[White "Upnor"]
[Black "kmreese"]
[Result "1-0"]
[WhiteElo "1346"]
[BlackElo "1332"]
[PlyCount "131"]
[EventDate "2003.??.??"]

1. e4 c5 2. Nf3 d6 3. Bc4 Be6 4. Bxe6 fxe6
5. Ng5 Nf6 6. Nxe6 Qd7 7. Nf4 e5 8. Nh5 Nxh5
9. Qxh5+ g6 10. Qf3 Nc6 11. O-O Nd4 12. Qd1 h5
13. c3 Ne6 14. d3 h4 15. h3 g5 16. Qg4 Be7
17. Nd2 Rh6 18. Nf3 Qb5 19. Rd1 O-O-O 20. a3 Kb8
21. b4 Rg6 22. Nxh4 Rg7 23. Nf5 Nf4 24. Nxe7 Rxe7
25. Qxg5 Ne2+ 26. Kh2 Ree8 27. Be3 Nxc3 28. Rd2 Rg8
29. Qe7 Rde8 30. Qxd6+ Ka8 31. Bxc5 Nxe4 32. dxe4 Rd8
33. Qh6 Rxd2 34. Qxd2 a5 35. Qd5 Rc8 36. Qxe5 Qa6
37. Qe7 b6 38. Bd6 b5 39. e5 axb4 40. Bxb4 Qc6
41. e6 Rg8 42. Rg1 Re8 43. Qd7 Qxe6 44. Qxe6 Rxe6
45. f4 Rf6 46. Rf1 Rc6 47. f5 Kb8 48. f6 Rc8
49. f7 Ka7 50. f8=Q Rxf8 51. Bxf8 Kb6 52. Rf5 Kc6
53. Bb4 Kd7 54. g4 Ke6 55. h4 Kd7 56. Rxb5 Ke6
57. Kg3 Kf6 58. Kf4 Kg6 59. h5+ Kf6 60. g5+ Kg7
61. Bc3+ Kh7 62. Kf5 Kg8 63. Rb7 Kf8 64. Kf6 Kg8
65. Ke6 Kf8 66. Rb8# 1-0

[Event "Game 1310 - Rated game, 15m + 0s"]
[Site "Main Playing Hall"]
[Date "2003.04.16"]
[Round "?"]
[White "olibui"]
[Black "kmreese"]
[Result "1-0"]
[WhiteElo "1272"]
[BlackElo "1314"]
[Annotator "Black - Resign"]
[PlyCount "41"]
[EventDate "2003.??.??"]

1. e4 c5 2. Nf3 d6 3. d4 cxd4 4. Nxd4 e5
5. Nf3 Nc6 6. Bb5 Nge7 7. Nc3 a6 8. Bxc6+ Nxc6
9. O-O Bg4 10. Nd5 Nd4 11. Kh1 Nxf3 12. gxf3 Bh3
13. Rg1 Qh4 14. Rg3 h6 15. Nc7+ Kd8 16. Nxa8 Be7
17. Nb6 h5 18. Nd5 g5 19. Nxe7 Ke8 20. Nf5 Bxf5
21. Bxg5 {Black - Resign} 1-0

[Event "Game 1311 - Rated game, 10m + 5s"]
[Site "Main Playing Hall"]
[Date "2003.04.17"]
[Round "?"]
[White "kmreese"]
[Black "Upnor"]
[Result "1-0"]
[WhiteElo "1294"]
[BlackElo "1304"]
[PlyCount "55"]
[EventDate "2003.??.??"]

1. e4 e5 2. Nf3 Nc6 3. c3 Nf6 4. Bc4 d5
5. exd5 Nxd5 6. O-O Bg4 7. Re1 Nf6 8. d4 e4
9. Qb3 Qd7 10. Ne5 Nxe5 11. dxe5 Nh5 12. Rxe4 b6
13. Rxg4 Qxg4 14. Bxf7+ Kd8 15. e6 Nf4 16. Bxf4 Qxf4
17. Nd2 Be7 18. Qd5+ Bd6 19. Qxa8+ Ke7 20. Qxh8 Qxh2+
21. Kf1 Qh1+ 22. Ke2 Qxa1 23. Qe8+ Kf6 24. Ne4+ Ke5
25. e7 Qxb2+ 26. Kf3 Bxe7 27. Qxe7+ Kf5 28. Qg5# 1-0

[Event "Game 1312 - Rated game, 10m + 5s"]
[Site "Main Playing Hall"]
[Date "2003.04.17"]
[Round "?"]
[White "Upnor"]
[Black "kmreese"]
[Result "0-1"]
[WhiteElo "1285"]
[BlackElo "1313"]
[PlyCount "86"]
[EventDate "2003.??.??"]

1. e4 c5 2. Nf3 d6 3. Bc4 Nf6 4. Nc3 Bg4
5. O-O Nc6 6. h3 Bxh3 7. gxh3 e5 8. Ne2 Nh5
9. Ng3 Nf4 10. Kh2 h5 11. d3 h4 12. Ne2 Qd7
13. Nxf4 exf4 14. Bxf4 Ne7 15. Rg1 Ng6 16. Be3 d5
17. Bxd5 Bd6+ 18. Kg2 Bf4 19. Bxc5 Be5 20. c3 Nf4+
21. Kf1 Qxh3+ 22. Ke1 Ng2+ 23. Kd2 Bf4+ 24. Kc2 O-O-O
25. Bxf7 b6 26. Be7 Be3 27. fxe3 Nxe3+ 28. Kb3 Nxd1
29. Raxd1 Rd7 30. Ng5 Qh2 31. Be6 Rh5 32. Bxd7+ Kxd7
33. Bf8 h3 34. Bxg7 Qf2 35. Nxh3 Rxh3 36. d4 a5
37. e5 Qe2 38. Rde1 Qd3 39. e6+ Kc6 40. e7 Qb5+
41. Kc2 Rh2+ 42. Kd1 Qd3+ 43. Kc1 Qc2# 0-1

[Event "Game 1313 - Rated game, 8m + 5s"]
[Site "Main Playing Hall"]
[Date "2003.04.18"]
[Round "?"]
[White "kmreese"]
[Black "ARAGON 2005"]
[Result "1-0"]
[WhiteElo "1329"]
[BlackElo "1314"]
[PlyCount "65"]
[EventDate "2003.??.??"]

1. e4 e6 2. d4 d5 3. e5 c5 4. Nf3 c4
5. Nc3 Bb4 6. Bd2 a6 7. a3 Be7 8. Ne2 Nc6
9. Nf4 Nh6 10. b3 cxb3 11. cxb3 Nf5 12. b4 Ncxd4
13. Nxd4 Nxd4 14. Qa4+ Bd7 15. b5 Qb6 16. Be3 Bc5
17. Nd3 Rc8 18. Nxc5 Qxc5 19. Rc1 Qxc1+ 20. Bxc1 Rxc1+
21. Kd2 Rc2+ 22. Kd3 Rc4 23. Qxc4 dxc4+ 24. Kxd4 Bxb5
25. Bxc4 Bxc4 26. Kxc4 O-O 27. f4 Rc8+ 28. Kd4 b5
29. g4 Rc4+ 30. Kd3 a5 31. Rb1 Rxf4 32. Rxb5 Rxg4
33. Rb8# 1-0

[Event "Game 1314 - Rated game, 10m + 5s"]
[Site "Main Playing Hall"]
[Date "2003.04.18"]
[Round "?"]
[White "kmreese"]
[Black "masakov_726"]
[Result "1-0"]
[WhiteElo "1346"]
[BlackElo "1281"]
[PlyCount "71"]
[EventDate "2003.??.??"]

1. e4 c5 2. f4 d6 3. Bc4 Nc6 4. f5 e6
5. Ne2 d5 6. exd5 exd5 7. Bd3 c4 8. f6 cxd3
9. fxg7 Bxg7 10. O-O dxe2 11. Qxe2+ Nge7 12. Qh5 Qb6+
13. Kh1 Be6 14. d3 Bxb2 15. Bxb2 Qxb2 16. Nd2 Qxc2
17. Nb3 Qxd3 18. Nc5 Qb5 19. Nxe6 Kd7 20. Qg4 fxe6
21. Rae1 Nd8 22. Rf7 Nxf7 23. Qxe6+ Kc7 24. Qxe7+ Qd7
25. Rc1+ Kb6 26. Qxd7 a5 27. Rb1+ Kc5 28. Qc7+ Kd4
29. Rd1+ Ke4 30. Qe7+ Ne5 31. Re1+ Kd4 32. Qxe5+ Kc5
33. Rc1+ Kb6 34. Qc7+ Ka6 35. Rb1 b6 36. Qxb6# 1-0

[Event "Game 1315 - Rated game, 10m + 0s"]
[Site "Main Playing Hall"]
[Date "2003.04.19"]
[Round "?"]
[White "kmreese"]
[Black "Capi"]
[Result "1-0"]
[WhiteElo "1361"]
[BlackElo "1094"]
[PlyCount "41"]
[EventDate "2003.??.??"]

1. e4 e5 2. Nf3 Nc6 3. Bc4 d5 4. exd5 Nd4
5. d6 Bxd6 6. Nxd4 exd4 7. O-O Nf6 8. Re1+ Kf8
9. d3 Ng4 10. c3 Bxh2+ 11. Kf1 Qf6 12. f3 Ne3+
13. Bxe3 dxe3 14. Rxe3 Bf4 15. Re4 c6 16. Qe1 Bd7
17. g3 b5 18. Rxf4 Qh6 19. Rxf7+ Kg8 20. Rf6+ Be6
21. Bxe6# 1-0

[Event "Game 1316 - Rated game, 12m + 4s"]
[Site "Main Playing Hall"]
[Date "2003.04.19"]
[Round "?"]
[White "kmreese"]
[Black "lucascofa"]
[Result "1-0"]
[WhiteElo "1367"]
[BlackElo "1320"]
[PlyCount "41"]
[EventDate "2003.??.??"]

1. e4 e5 2. Nf3 Nc6 3. Bc4 Bc5 4. O-O Nf6
5. d3 d6 6. Ng5 O-O 7. Nc3 h6 8. Nd5 Nxd5
9. exd5 Ne7 10. Ne4 Bd7 11. Nxc5 dxc5 12. d6 cxd6
13. f4 exf4 14. Bxf4 Bc6 15. Qh5 Ng6 16. Bxh6 gxh6
17. Qxh6 d5 18. Bb3 Qd6 19. Rf5 Bd7 20. Rxd5 Nf4
21. Rxd6 1-0

[Event "Game 1317 - Rated game, 15m + 0s"]
[Site "Beginners"]
[Date "2003.04.20"]
[Round "?"]
[White "pistol pit"]
[Black "kmreese"]
[Result "0-1"]
[WhiteElo "1348"]
[BlackElo "1383"]
[Annotator "White - Resign"]
[PlyCount "54"]
[EventDate "2003.??.??"]

1. d4 c5 2. Nf3 cxd4 3. Nxd4 e5 4. Nf5 d5
5. Ng3 e4 6. Nc3 Nf6 7. Bg5 Be7 8. Bxf6 Bxf6
9. Ncxe4 Bxb2 10. Rb1 Qa5+ 11. Nd2 Qxa2 12. e3 Bc3
13. Rb3 d4 14. Bd3 O-O 15. O-O Nc6 16. Qh5 h6
17. Nf5 Bxd2 18. Qg4 Bxf5 19. Qxf5 g6 20. Qf4 Rae8
21. Qxh6 dxe3 22. Rb5 exf2+ 23. Kh1 Bxh6 24. Rxf2 Nd4
25. Rxb7 Re1+ 26. Rf1 Qa1 27. Kg1 Be3+ {White - Resign} 0-1

[Event "Game 1318 - Rated game, 15m + 0s"]
[Site "Main Playing Hall"]
[Date "2003.04.20"]
[Round "?"]
[White "Mattman"]
[Black "kmreese"]
[Result "1-0"]
[WhiteElo "1573"]
[BlackElo "1399"]
[Annotator "Black - Time"]
[PlyCount "87"]
[EventDate "2003.??.??"]

1. b4 d5 2. Bb2 d4 3. Nf3 e5 4. Nxe5 Bd6
5. Nf3 c5 6. bxc5 Bxc5 7. c3 d3 8. Qa4+ Nc6
9. Qe4+ Nge7 10. exd3 O-O 11. Be2 Bf5 12. Qc4 Bxf2+
13. Kxf2 Rc8 14. d4 Ne5 15. Nxe5 Rxc4 16. Bxc4 Be6
17. Na3 Nf5 18. Nb5 Bxc4 19. Nxc4 Qd5 20. Nca3 Nh4
21. Kg3 Nf5+ 22. Kf2 Nh4 23. Ke3 Re8+ 24. Kd3 Nf5
25. Rae1 Kf8 26. Rxe8+ Kxe8 27. Re1+ Kd7 28. c4 Qxg2
29. Nxa7 Qf3+ 30. Kc2 Qf2 31. Re5 Nd6 32. c5 Nf5
33. N3b5 f6 34. Rd5+ Ke6 35. Rd8 Ne3+ 36. Kb3 Qxd2
37. d5+ Nxd5 38. Nc7+ Ke7 39. Rxd5 Qe3+ 40. Bc3 Qf4
41. Nab5 Qh4 42. Rd2 Kf7 43. Nd6+ Kg6 44. Rg2+ { Black - Time} 1-0

[Event "Game 1322 - Rated game, 10m + 5s"]
[Site "Main Playing Hall"]
[Date "2003.04.21"]
[Round "?"]
[White "kmreese"]
[Black "Upnor"]
[Result "1-0"]
[WhiteElo "1405"]
[BlackElo "1339"]
[Annotator "Black - Time"]
[PlyCount "69"]
[EventDate "2003.??.??"]

1. e4 e5 2. Bc4 Nf6 3. Nf3 Nc6 4. Ng5 d5
5. exd5 Nxd5 6. Qf3 Be6 7. Nxf7 Bxf7 8. Nc3 Nce7
9. O-O c6 10. Re1 Qc7 11. b4 Be6 12. Bb2 O-O-O
13. b5 cxb5 14. Bxb5 Ng6 15. Bc4 Qc6 16. Bb5 Qb6
17. a4 Nb4 18. a5 Qd6 19. a6 Nxa6 20. Bxa6 Bd5
21. Nxd5 Qxd5 22. Qf5+ Qd7 23. Qxd7+ Rxd7 24. Bb5 Rxd2
25. Rxa7 Rxc2 26. Ra8+ Kc7 27. Bxe5+ Nxe5 28. Ba4 Rc5
29. h3 g6 30. f4 Nd7 31. Bxd7 Kxd7 32. Rd1+ Kc6
33. Raa1 b5 34. Ra6+ Kb7 35. Rda1 {Black - Time} 1-0

[Event "Game 1323 - Rated game, 60m + 0s"]
[Site "Main Playing Hall"]
[Date "2003.04.22"]
[Round "?"]
[White "kmreese"]
[Black "Robster"]
[Result "1-0"]
[WhiteElo "1556"]
[BlackElo "1306"]
[Annotator "Black - Resign"]
[PlyCount "31"]
[EventDate "2003.??.??"]

1. e4 e5 2. Bc4 Nf6 3. Nf3 d6 4. Ng5 d5
5. exd5 Nxd5 6. d3 h6 7. Ne4 Bb4+ 8. c3 Ba5
9. Qh5 O-O 10. Bg5 f6 11. Bxh6 gxh6 12. Qg6+ Kh8
13. Qxh6+ Kg8 14. Bxd5+ Qxd5 15. Nxf6+ Kf7 16. Nxd5 {Black - Resign} 1-0

[Event "Game 1324 - Rated game, 10m + 0s"]
[Site "Main Playing Hall"]
[Date "2003.04.22"]
[Round "?"]
[White "buridanus"]
[Black "kmreese"]
[Result "0-1"]
[WhiteElo "1323"]
[BlackElo "1420"]
[Annotator "White - Time"]
[PlyCount "60"]
[EventDate "2003.??.??"]

1. e4 c5 2. f4 d5 3. e5 c4 4. Nf3 Bg4
5. h3 Bf5 6. g4 Be4 7. Bg2 f6 8. O-O Qb6+
9. Kh2 fxe5 10. Nxe5 Nf6 11. Nc3 Bxg2 12. Kxg2 h5
13. Ng6 Rh6 14. Nxf8 Kxf8 15. g5 Rg6 16. d4 cxd3
17. Qxd3 Kf7 18. Nxd5 Nxd5 19. Qxd5+ e6 20. Qd3 Qc6+
21. Kh2 Nd7 22. f5 Qc7+ 23. Kg1 exf5 24. Qd5+ Ke7
25. Bf4 Qb6+ 26. Kh2 Rd6 27. Bxd6+ Qxd6+ 28. Qxd6+ Kxd6
29. Rad1+ Kc5 30. Rxf5+ Kc6 {White - Time} 0-1

[Event "Game 1325 - Rated game, 15m + 0s"]
[Site "Beginners"]
[Date "2003.04.23"]
[Round "?"]
[White "underdogx"]
[Black "kmreese"]
[Result "1-0"]
[WhiteElo "1318"]
[BlackElo "1433"]
[PlyCount "33"]
[EventDate "2003.??.??"]

1. e4 c5 2. Nf3 d6 3. d4 Nd7 4. Nc3 Ngf6
5. Bb5 Nxe4 6. Nxe4 Qa5+ 7. Nc3 cxd4 8. Nxd4 e5
9. Nb3 Qd8 10. O-O Be7 11. Nd5 O-O 12. Bd3 Bh4
13. Qh5 h6 14. Bxh6 Nf6 15. Nxf6+ Bxf6 16. Bxg7 e4
17. Qh8# 1-0

[Event "Game 1326 - Friendly Game, No clock"]
[Site "Main Playing Hall"]
[Date "2003.04.23"]
[Round "?"]
[White "kmreese"]
[Black "horseman"]
[Result "1-0"]
[WhiteElo "1563"]
[BlackElo "1369"]
[PlyCount "51"]
[EventDate "2003.??.??"]

1. e4 e5 2. Bc4 c5 3. Nf3 d6 4. Nc3 Nf6
5. d3 h6 6. O-O a6 7. Re1 Bg4 8. Nd5 Nxd5
9. Bxd5 Be6 10. Bxb7 Nd7 11. Bxa8 Qxa8 12. c3 g5
13. d4 cxd4 14. cxd4 Bg7 15. dxe5 Bxe5 16. Nxe5 Nxe5
17. Qxd6 Nc4 18. Qd4 Ke7 19. Qc5+ Kf6 20. e5+ Kg7
21. f4 gxf4 22. Bxf4 Nxb2 23. Re3 Na4 24. Rg3+ Kh7
25. Qc2+ Bf5 26. Qxf5# 1-0

[Event "Game 1329 - Rated game, 10m + 0s"]
[Site "Main Playing Hall"]
[Date "2003.04.24"]
[Round "?"]
[White "kmreese"]
[Black "Wallsing"]
[Result "1-0"]
[WhiteElo "1409"]
[BlackElo "1107"]
[PlyCount "55"]
[EventDate "2003.??.??"]

1. e4 Nc6 2. Bc4 d6 3. Nf3 e6 4. d3 Bd7
5. Ng5 h6 6. Nf3 Qf6 7. Nc3 O-O-O 8. d4 Qe7
9. d5 Nb4 10. dxe6 fxe6 11. O-O g5 12. e5 dxe5
13. Nxe5 Be8 14. Re1 Rxd1 15. Rxd1 Nxc2 16. Be3 Nxa1
17. Rxa1 Qb4 18. Bxe6+ Kb8 19. Rd1 Be7 20. Nd5 Ba4
21. Nxb4 Bxd1 22. Nd7+ Ka8 23. Nd5 Bd6 24. Bc5 c6
25. Bxd6 cxd5 26. Bxd5 Bg4 27. Nc5 Nf6 28. Bxb7# 1-0

[Event "Game 1330 - Rated game, 10m + 0s"]
[Site "Main Playing Hall"]
[Date "2003.04.24"]
[Round "?"]
[White "Wallsing"]
[Black "kmreese"]
[Result "0-1"]
[WhiteElo "1102"]
[BlackElo "1414"]
[PlyCount "34"]
[EventDate "2003.??.??"]

1. e3 d5 2. d3 e5 3. Nc3 d4 4. Ne4 Nc6
5. Nf3 dxe3 6. Bxe3 Bg4 7. Be2 f5 8. Neg5 f4
9. Bd2 Bxf3 10. Bxf3 Qxg5 11. Bxc6+ bxc6 12. O-O O-O-O
13. Qf3 Nh6 14. Rfe1 Ng4 15. Ba5 Qh4 16. Re2 Qxh2+
17. Kf1 Qh1# 0-1

[Event "Game 1331 - Rated game, 10m + 0s"]
[Site "Main Playing Hall"]
[Date "2003.04.24"]
[Round "?"]
[White "kmreese"]
[Black "odin"]
[Result "1-0"]
[WhiteElo "1420"]
[BlackElo "1332"]
[PlyCount "61"]
[EventDate "2003.??.??"]

1. e4 e5 2. Bc4 Nf6 3. Nf3 d5 4. exd5 Nxd5
5. Nxe5 f6 6. Qh5+ g6 7. Nxg6 hxg6 8. Qxh8 Qe7+
9. Kd1 Nc6 10. Re1 Ne5 11. Bxd5 c6 12. Bf3 Bf5
13. d3 O-O-O 14. g4 Bxd3 15. cxd3 Rxd3+ 16. Nd2 Qd6
17. Be4 Rd4 18. Bxg6 Nxg6 19. Re8+ Kc7 20. Qh7+ Kb6
21. Qxg6 Qxh2 22. Qxf6 Qg1+ 23. Kc2 Bc5 24. Rd8 Qxg4
25. f3 Qf4 26. Qe6 Rxd8 27. Nc4+ Kb5 28. Bxf4 Rf8
29. a4+ Kb4 30. Qe4 Rh8 31. Bd2# 1-0

[Event "Game 1332 - Rated game, 11m + 2s"]
[Site "Beginners"]
[Date "2003.04.26"]
[Round "?"]
[White "Mantis1"]
[Black "kmreese"]
[Result "0-1"]
[WhiteElo "1147"]
[BlackElo "1433"]
[PlyCount "54"]
[EventDate "2003.??.??"]

1. c3 d5 2. b4 e5 3. d4 e4 4. Bf4 Nf6
5. e3 Be7 6. Na3 O-O 7. Nb5 Na6 8. Be5 c6
9. Na3 Ng4 10. Bg3 c5 11. Bxa6 bxa6 12. Qa4 cxb4
13. cxb4 a5 14. Nc2 axb4 15. Qc6 Qa5 16. a4 b3+
17. Kd1 bxc2+ 18. Qxc2 Ba6 19. Bc7 Bc4 20. Bxa5 Rab8
21. Ne2 Bb3 22. Qxb3 Rxb3 23. Nc1 Nxf2+ 24. Kc2 Rxe3
25. Rf1 Nd3 26. Bd2 Rc8+ 27. Kd1 Nb2# 0-1

[Event "Game 1333 - Friendly Game, 7m + 0s"]
[Site "Main Playing Hall"]
[Date "2003.04.27"]
[Round "?"]
[White "lillopavia"]
[Black "kmreese"]
[Result "1-0"]
[WhiteElo "1301"]
[BlackElo "1439"]
[Annotator "Black - Time"]
[PlyCount "45"]
[EventDate "2003.??.??"]

1. e4 c5 2. Nf3 f6 3. d4 cxd4 4. Nxd4 e5
5. Nf5 d5 6. f3 g6 7. Ng3 d4 8. Bb5+ Nc6
9. c3 Qa5 10. Bxc6+ bxc6 11. O-O dxc3 12. Nxc3 Bc5+
13. Kh1 Ba6 14. Nce2 Rd8 15. Qc2 Bd3 16. Qb3 Bxe2
17. Nxe2 f5 18. Qe6+ Ne7 19. Qxe5 Rf8 20. Bg5 Bd6
21. Qxa5 fxe4 22. fxe4 Rxf1+ 23. Rxf1 {Black - Time} 1-0

[Event "Game 1334 - Friendly Game, 10m + 0s"]
[Site "Main Playing Hall"]
[Date "2003.04.27"]
[Round "?"]
[White "lillopavia"]
[Black "kmreese"]
[Result "0-1"]
[WhiteElo "1301"]
[BlackElo "1439"]
[Annotator "White - Time"]
[PlyCount "68"]
[EventDate "2003.??.??"]

1. e4 c5 2. Nf3 Nc6 3. d4 cxd4 4. Nxd4 e5
5. Nxc6 bxc6 6. Bc4 d5 7. exd5 cxd5 8. Bxd5 Qa5+
9. Qd2 Bb4 10. c3 Bc5 11. b4 Bxf2+ 12. Kxf2 Qb6+
13. Qe3 Qf6+ 14. Bf3 Bb7 15. Nd2 Nh6 16. Rf1 Ng4+
17. Ke2 Nxe3 18. Bxb7 Qg5 19. Bxa8 O-O 20. Bf3 Nc2
21. Ne4 Qg6 22. Rb1 Qa6+ 23. Kf2 f5 24. Nc5 Qc4
25. Nd7 Qh4+ 26. Kg1 Rd8 27. Nxe5 f4 28. Rb2 Na3
29. Rd2 Rxd2 30. Bxd2 Nb5 31. a4 Nd6 32. Bd5+ Kh8
33. Rxf4 Qd8 34. Nf7+ Nxf7 {White - Time} 0-1

[Event "Game 1335 - Friendly Game, 15m + 0s"]
[Site "Main Playing Hall"]
[Date "2003.04.27"]
[Round "?"]
[White "kmreese"]
[Black "lillopavia"]
[Result "0-1"]
[WhiteElo "1439"]
[BlackElo "1301"]
[Annotator "White - Resign"]
[PlyCount "55"]
[EventDate "2003.??.??"]

1. e4 c5 2. Bc4 e6 3. e5 Nc6 4. Nf3 d5
5. exd6 Bxd6 6. Nc3 Nf6 7. Nb5 a6 8. Nxd6+ Qxd6
9. d4 cxd4 10. Be3 Qb4+ 11. Nd2 Ne4 12. c3 Qxb2
13. Nxe4 dxe3 14. Nd6+ Ke7 15. fxe3 Qxg2 16. Rf1 Ne5
17. Rf2 Qg1+ 18. Bf1 Rd8 19. Rg2 Qxe3+ 20. Re2 Qxc3+
21. Rd2 Rxd6 22. Rc1 Nf3+ 23. Ke2 Ng1+ 24. Ke1 Qe3+
25. Be2 Rxd2 26. Rc7+ Kf8 27. Rc3 Rxe2+ 28. Qxe2 {White - Resign} 0-1

[Event "Game 1338 - Rated game, 15m + 5s"]
[Site "Main Playing Hall"]
[Date "2003.04.29"]
[Round "?"]
[White "RIFF"]
[Black "kmreese"]
[Result "1-0"]
[WhiteElo "1605"]
[BlackElo "1602"]
[PlyCount "115"]
[EventDate "2003.??.??"]

1. d4 d5 2. c4 Nf6 3. Nc3 dxc4 4. Nf3 e6
5. Ne5 Bd6 6. Nxc4 Bb4 7. f3 O-O 8. e4 Nc6
9. a3 Bxc3+ 10. bxc3 Re8 11. Be2 e5 12. Be3 exd4
13. cxd4 Nh5 14. O-O Qh4 15. Bf2 Qf4 16. Ne3 Rd8
17. Nd5 Qg5 18. f4 Nxf4 19. Nxf4 Qxf4 20. Qb3 Be6
21. d5 Na5 22. Qb5 Qg5 23. dxe6 Qxb5 24. Bxb5 fxe6
25. Rad1 Rdc8 26. Bh4 c6 27. Be2 Nb3 28. Bg4 Nc5
29. Be7 h5 30. Bh3 Kh7 31. Bxc5 Re8 32. Rf7 b6
33. Be7 c5 34. Bxe6 a5 35. Rd5 c4 36. Rxh5+ Kg6
37. Rh3 a4 38. Rff3 Rxe7 39. Bf5+ Kf7 40. Bh7+ Ke8
41. Bg6+ Kd8 42. Rh8+ Kc7 43. Rxa8 Re6 44. Rf7+ Kc6
45. Bf5 Re5 46. Rc8+ Kd6 47. Rxg7 c3 48. Rg6+ Ke7
49. Rxc3 b5 50. Rcc6 b4 51. Rb6 b3 52. Rb7+ Kf8
53. Be6 Rxe6 54. Rxe6 b2 55. Rxb2 Kf7 56. Ra6 Ke7
57. Rb7+ Kd8 58. Ra8# 1-0